Principios de triangulación

Spremljeno u:
Bibliografski detalji
Glavni autor: Chacón Arce, Roberto
Format: Nepoznato
Izdano: [San José, Costa Rica] 1978
Oznake: Dodaj oznaku
Bez oznaka, Budi prvi tko označuje ovaj zapis!

MARC

LEADER 00000 a2200000 4500
003 010946
005 20221231143800.0
008 140114s1978 c a m 000 ||s d
040 |c cru CEDI 
090 |a TFG 014-78 
100 |a Chacón Arce, Roberto  |9 16990 
245 |a Principios de triangulación 
260 |c 1978  |a [San José, Costa Rica] 
300 |a 31 hojas ; ilustraciones  
500 |a Universidad de Costa Rica. Facultad de Ingeniería. Carrera de Perito Topógrafo. Trabajo de Topografía Aplicada II 
942 |c T-T 
999 |c 11883  |d 11883